| 000 | 00999nam2a2200253 i 4500 | ||
|---|---|---|---|
| 001 | RU\NLR\BIBL_A\011176212 | ||
| 005 | 20240729072108.0 | ||
| 010 |
_a9785990789036 _bт. 3 _9100 |
||
| 021 |
_aRU _b2016-51337 _93281 |
||
| 035 | _a(NLR Aleph) 011176212 | ||
| 090 |
_a11793377 _c11793377 |
||
| 100 | _a20160713d2016 u y0rusy50 ca | ||
| 101 | 0 | _arus | |
| 102 | _aRU | ||
| 105 | _aac z 000 y | ||
| 200 | 0 | _aТ. 3 | |
| 210 | _d2016 | ||
| 215 |
_a318, [1] с. _cил., портр. |
||
| 320 | _aДр. кн. авт. на обороте тит. л. в аннот. | ||
| 461 | 0 |
_1001RU\NLR\BIBL_A\011214632 _12001#$aБузулук$eроман$eв 4 т.$fЮ. А. Деянов$vТ. 3 _1700#1$aДеянов$bЮ. А.$f1941-$gЮрий Алексеевич _911990173 _aДеянов, Ю. А. (1941-) _cСаратов _d2016 _fЮ. А. Деянов _nКРОСС-Н _oроман : в 4 т. _tБузулук _y9785944242808 _vТ. 3 |
|
| 942 | _cBOOK | ||
| 980 | _aNBR | ||